The Ultimate Flag Quiz! - Statistics

General Stats
  • This quiz has been taken 2,184 times
    2,176 since last reset
  • The average score is 159 of 254
Answer Stats
Picture Answer % Correct
Afghanistan
93%
Albania
87%
Algeria
84%
Argentina
82%
Australia
81%
Andorra
80%
Angola
80%
Austria
79%
Belgium
79%
Bangladesh
78%
Brazil
78%
Bahrain
77%
Canada
77%
Armenia
76%
Barbados
76%
Bhutan
76%
Azerbaijan
75%
Belarus
75%
Bosnia and Herzegovina
75%
China
75%
Antigua and Barbuda
74%
Bahamas
74%
Bulgaria
73%
Cambodia
73%
Chile
73%
Belize
72%
Cameroon
72%
Croatia
72%
Cyprus
72%
Denmark
72%
France
72%
Benin
71%
Botswana
71%
Colombia
71%
Egypt
71%
Finland
71%
Germany
71%
Greece
71%
Cuba
70%
Czech Republic
70%
England
70%
Estonia
70%
Georgia
70%
India
70%
Ireland
70%
Israel
70%
Italy
70%
Jamaica
70%
Japan
70%
Brunei
69%
Chad
69%
Ecuador
69%
Iran
69%
Iraq
69%
Antarctica
68%
Burkina Faso
68%
Dominican Republic
68%
Ethiopia
68%
Iceland
68%
Indonesia
68%
Kenya
68%
Lebanon
68%
Mexico
68%
Nepal
68%
North Korea
68%
Norway
68%
Burundi
67%
Cape Verde
67%
Democratic Republic of the Congo
67%
Eswatini
67%
Ghana
67%
Ivory Coast
67%
Kazakhstan
67%
Kosovo
67%
Malaysia
67%
Netherlands
67%
New Zealand
67%
Nigeria
67%
North Macedonia
67%
Pakistan
67%
Poland
67%
Portugal
67%
Qatar
67%
Russia
67%
South Africa
67%
South Korea
67%
Spain
67%
Sweden
67%
Switzerland
67%
Turkey
67%
Ukraine
67%
United Kingdom
67%
Bolivia
66%
Central African Republic
66%
Costa Rica
66%
Dominica
66%
El Salvador
66%
Fiji
66%
Honduras
66%
Hungary
66%
Jordan
66%
Latvia
66%
Liberia
66%
Luxembourg
66%
Malta
66%
Morocco
66%
Panama
66%
Romania
66%
Saudi Arabia
66%
Sri Lanka
66%
United States of America
66%
Vatican City
66%
Vietnam
66%
Comoros
65%
Djibouti
65%
Haiti
65%
Kuwait
65%
Laos
65%
Libya
65%
Lithuania
65%
Moldova
65%
Monaco
65%
Niger
65%
Peru
65%
Philippines
65%
Scotland
65%
Serbia
65%
Slovakia
65%
Slovenia
65%
Uruguay
65%
Venezuela
65%
Wales
65%
Eritrea
64%
Guatemala
64%
Hong Kong
64%
Kyrgyzstan
64%
Liechtenstein
64%
Mongolia
64%
Montenegro
64%
Papua New Guinea
64%
Singapore
64%
Syria
64%
Thailand
64%
Tunisia
64%
Uganda
64%
Uzbekistan
64%
Zimbabwe
64%
American Samoa
63%
Federated States of Micronesia
63%
Kiribati
63%
Nicaragua
63%
Oman
63%
Palau
63%
San Marino
63%
Seychelles
63%
Somalia
63%
Taiwan
63%
Turkmenistan
63%
United Arab Emirates
63%
Zambia
63%
Equatorial Guinea
62%
Gabon
62%
Greenland
62%
Grenada
62%
Guyana
62%
Lesotho
62%
Madagascar
62%
Malawi
62%
Maldives
62%
Mali
62%
Mauritania
62%
Mozambique
62%
Myanmar
62%
Paraguay
62%
Saint Lucia
62%
Senegal
62%
Yemen
62%
Bouvet Island
61%
Guinea
61%
Mayotte
61%
Nauru
61%
Palestine
61%
Rwanda
61%
South Sudan
61%
Tanzania
61%
Trinidad and Tobago
61%
Gambia
60%
Guinea-Bissau
60%
Isle of Man
60%
Marshall Islands
60%
Puerto Rico
60%
Tajikistan
60%
Tonga
60%
Mauritius
59%
Namibia
59%
Samoa
59%
Sudan
59%
Suriname
59%
Togo
59%
Aruba
58%
Faroe Islands
58%
Saint Kitts and Nevis
58%
Saint Vincent and the Grenadines
58%
Vanuatu
58%
Åland Islands
57%
Sao Tome & Príncipe
57%
Sierra Leone
57%
Timor-Leste
57%
Tuvalu
57%
Bermuda
56%
Guam
56%
United States Minor Outlying Islands
56%
Gibraltar
55%
Saint Martin
55%
Solomon Islands
55%
Svalbard and Jan Mayen
55%
Republic of the Congo
54%
Macau
52%
Anguilla
51%
Jersey
50%
Northern Ireland
50%
Cook Islands
49%
British Virgin Islands
48%
Christmas Island
48%
Falkland Islands
48%
Guernsey
48%
Curaçao
46%
French Guiana
46%
Heard and McDonald Islands
46%
United States Virgin Islands
46%
French Polynesia
45%
New Caledonia
45%
Cayman Islands
42%
Martinique
42%
Niue
42%
Western Sahara
42%
Norfolk Island
41%
British Indian Ocean Territory
40%
Guadeloupe
40%
Cocos Islands
39%
Montserrat
39%
Northern Mariana Islands
37%
Réunion
37%
Tokelau
37%
Turks and Caicos Islands
36%
Pitcairn Islands
35%
Wallis and Futuna
34%
Caribbean Netherlands
33%
Saint Helena, Ascension and Tristan da Cunha
33%
South Georgia
33%
Saint Pierre and Miquelon
32%
Sint Maarten
31%
Saint Barthélemy
28%
French Southern and Antarctic Lands
24%
No matching quizzes found
Score Distribution
Percent of People with Each Score
Percentile by Number Answered
Your Score History
You have not taken this quiz since the last reset